000 00388 a2200169 4500
001 191862
020 _a978-85-7406-116-0
040 _cMagnum
100 _aSaramago, José
240 1 0 _aA maior flor do mundo
_lpor
245 1 0 _aA maior flor do mundo
300 _a26
362 0 _a2001
440 1 _aCompanhia das Letrinhas
697 _aLITERATURA INFANTO-JUVENIL
942 _cBK
999 _c191862
_d191862